000 00478nam a2200169Ia 4500
999 _c24620
_d24620
003 OSt
005 20201215153526.0
008 190216s9999||||xx |||||||||||||| ||und||
040 _coclc
082 _a894.8124
_bEZH/E
100 _aEzhuthachan, K N
_96937
245 0 _aEzhuthachante Adyatma Ramayanam Oru Patanam /
_cK N Ezhuthachan
260 _c1968.
300 _a180p
650 _aLekhanam
942 _cBK
_2ddc
_h894.8124
_iEZH/E
_k894.8124
_mEZH/E